00242pam a2200097 a 4500020000500000041000500005082001300010100001900023245007300042260002900115 c h a923bSAL aSALUNKHE M.B., aDE. BHA. TULSHIDAS JADHAV GAURAV GRANTH (MARATHI)hTextual Documents aPUNEbUSMALA MASIKc1982